Creación de folletos e impresos atractivos / (Record no. 176030)

MARC details
000 -LEADER
campo de control de longitud fija 00743nam a2200229 i 4500
001 - NÚMERO DE CONTROL
campo de control 176030
003 - IDENTIFICADOR DE NÚMERO DE CONTROL
campo de control ES-MaACL
005 - FECHA Y HORA DE LA ÚLTIMA TRANSACCIÓN
campo de control 20250812044415.0
008 - DATOS DE LONGITUD FIJA--INFORMACIÓN GENERAL
campo de control de longitud fija 101210s1954 sp a |||| | spa d
080 ## - NÚMERO DE LA CLASIFICACIÓN DECIMAL UNIVERSAL
Número de la Clasificación Decimal Universal 659.1
100 1# - ENTRADA PRINCIPAL--NOMBRE DE PERSONA
Nombre de persona Vicens Carrió, Jaime.
9 (RLIN) 114317
245 10 - MENCIÓN DEL TÍTULO
Título Creación de folletos e impresos atractivos /
Mención de responsabilidad, etc. por Jaime Vicens Carrió.
250 ## - MENCION DE EDICION
Mención de edición 1ª ed.
260 ## - PUBLICACIÓN, DISTRIBUCIÓN, ETC.
Lugar de publicación, distribución, etc. Barcelona :
Nombre del editor, distribuidor, etc. Juan Bruguer,
Fecha de publicación, distribución, etc. 1954.
300 ## - DESCRIPCIÓN FÍSICA
Extensión 271 p. :
Otras características físicas il. ;
Dimensiones 22 cm.
490 1# - MENCIÓN DE SERIE
Mención de serie Biblioteca moderna de publicidad ;
Designación de volumen o secuencia 3
650 04 - PUNTO DE ACCESO ADICIONAL DE MATERIA--TÉRMINO DE MATERIA
Término de materia o nombre geográfico como elemento de entrada Diseño gráfico.
9 (RLIN) 139179
650 07 - PUNTO DE ACCESO ADICIONAL DE MATERIA--TÉRMINO DE MATERIA
Término de materia o nombre geográfico como elemento de entrada Arte publicitario
Fuente del encabezamiento o término embne
9 (RLIN) 10280
830 0# - PUNTO DE ACCESO ADICIONAL DE SERIE-TÍTULO UNIFORME
Título uniforme Biblioteca moderna de publicidad ;
Designación de volumen o secuencia 3
9 (RLIN) 189904
852 ## - LOCALIZACIÓN
Ubicación ES-MaACL
Número de control de estantería E-13766
Encuadernación Olim P-1022
Holdings
Estatus retirado Estado de pérdida Estado de daño No para préstamo Biblioteca de origen Biblioteca actual Ubicación en estantería Fecha de adquisición Fuente de adquisición Total de préstamos Signatura topográfica completa Código de barras Visto por última vez Precio de reemplazo Tipo de ítem Koha
        Biblioteca del Ateneo de Madrid Biblioteca del Ateneo de Madrid Depósito 2 10/12/2010     E-13766 1184868 23/02/2023 23/02/2023 Libro impreso